| 000 | 01183nam a2200337 a 4500 | ||
|---|---|---|---|
| 001 | 000036041 | ||
| 003 | DO-SdBNP | ||
| 005 | 20171110124355.0 | ||
| 007 | 000036041 | ||
| 008 | 111124s20uu sp a 001 0 spa d | ||
| 020 | _a848236023x (colección) | ||
| 020 | _a8482360337 | ||
| 040 |
_aBPMSU _bspa _cBPMSU |
||
| 082 | 4 |
_2750 _aT255p |
|
| 245 | 0 | 0 |
_aTécnicas básicas de paisajismo : _ben todos los medios / _ceditores Greg Albert ; Rachel Wolf |
| 260 |
_aBarcelona : _bIdea Books, _c[200?]. |
||
| 300 |
_a119 p. : _bil. ; _c30 cm. |
||
| 490 | 1 | _aCurso básico de técnicas de dibujo y pintura | |
| 500 | _aIncluye índice. | ||
| 500 | _aCurso básico de técnicas de dibujo y pintura (título tomado del estuche ) | ||
| 505 | 0 |
_gTécnicas básicas de paisajismo -- _rGreg Albert, _rRachel Wolf. |
|
| 650 | 4 |
_aPINTURA DE PAISAJES _xTÉCNICA |
|
| 700 | 1 | 2 |
_aAlbert, Greg, _eed. |
| 700 | 1 | 2 |
_aWolf, Rachel _eed. |
| 830 | 0 | _aCurso básico de técnicas de dibujo y pintura | |
| 910 | _aValidado. Control de calidad MFF | ||
| 930 | 1 |
_l _m _8 _f _p _g |
|
| 942 |
_2ddc _cBK |
||
| 945 | _aInvetariado extranjerov / 2017 VM | ||
| 956 |
_aVMATEO _b10 _c20150929 _lBPMSU _h00151 |
||
| 999 |
_c8305 _d8305 |
||